Rabindranath Tagore:A Biography (Record no. 131987)

MARC details
000 -LEADER
fixed length control field 00427nam a2200133Ia 4500
008 - FIXED-LENGTH DATA ELEMENTS--GENERAL INFORMATION
fixed length control field 211122s9999||||xx |||||||||||||| ||und||
082 ## - DEWEY DECIMAL CLASSIFICATION NUMBER
Classification number 891.440 92
Item number KRI-R
100 ## - MAIN ENTRY--PERSONAL NAME
Personal name Krishna Kripalini,
245 #0 - TITLE STATEMENT
Title Rabindranath Tagore:A Biography
260 ## - PUBLICATION, DISTRIBUTION, ETC.
Name of publisher, distributor, etc. Visva-Bharati
Place of publication, distribution, etc. Calcutta
Date of publication, distribution, etc. 2000
630 ## - SUBJECT ADDED ENTRY--UNIFORM TITLE
General subdivision General Stack
650 ## - SUBJECT ADDED ENTRY--TOPICAL TERM
Topical term or geographic name entry element literature
942 ## - ADDED ENTRY ELEMENTS (KOHA)
Koha item type BOOK
650 ## - SUBJECT ADDED ENTRY--TOPICAL TERM
Form subdivision literature and rhetoriceast indo-european and celtic literaturesGeneralia
Holdings
Withdrawn status Lost status Source of classification or shelving scheme Damaged status Not for loan Home library Current library Date acquired Cost, normal purchase price Total Checkouts Full call number Barcode Shelving location Date last seen Price effective from Koha item type
    Dewey Decimal Classification     SB LIBRARY SB LIBRARY 22/11/2021 100.00   891.44 KRI-R 00114305 GENERAL STACK 22/11/2021 22/11/2021 BOOK

Powered by Koha